000 00362nam a2200145Ia 4500
008 230711s9999||||xx |||||||||||||| ||und||
041 _aENG
082 _a624
_bPU-R
100 _aPunmia ,B.c
245 0 _aReinforced concrete structures
250 _a2nd
260 _c1990
_aNew Delhi
_bStandard Publishing Distributors
650 _aCivil Engineering
942 _cBK
999 _c96
_d96